🚨 Red Map Quiz - Name Africa Countries - Statistics

General Stats
  • This quiz has been taken 57 times
  • The average score is 51 of 54
Answers on the Map
Answers color-coded by a green-red scale on the quiz's map according to % correct below.
 
Answer Stats
Answer % Correct
Mali
100%
Algeria
97%
Chad
97%
Egypt
97%
Eswatini
97%
Ethiopia
97%
Ghana
97%
Guinea
97%
Guinea-Bissau
97%
Libya
97%
Malawi
97%
Mauritania
97%
Morocco
97%
Niger
97%
South Africa
97%
Tunisia
97%
Angola
94%
Benin
94%
Botswana
94%
Burkina Faso
94%
Burundi
94%
Cameroon
94%
Cape Verde
94%
Central AfricanRepublic
94%
Comoros
94%
Djibouti
94%
D.R. Congo
94%
Equatorial Guinea
94%
Eritrea
94%
Gabon
94%
Gambia
94%
Ivory Coast
94%
Kenya
94%
Lesotho
94%
Liberia
94%
Madagascar
94%
Mauritius
94%
Mozambique
94%
Namibia
94%
Nigeria
94%
Rep. of the Congo
94%
Rwanda
94%
São Tomé and Príncipe
94%
Senegal
94%
Seychelles
94%
Sierra Leone
94%
Somalia
94%
South Sudan
94%
Sudan
94%
Tanzania
94%
Togo
94%
Uganda
94%
Zambia
94%
Zimbabwe
94%
No matching quizzes found
Score Distribution
Percent of People with Each Score
Percentile by Number Answered
Your Score History
You have not taken this quiz